Stanovenie všeobecnej hodnoty vybraného podniku v čase hospodárskej krízy diplomová práca

Guardado en:
Detalles Bibliográficos
Autor principal: Toporcerová, Linda
Autor Corporativo: Fakulta podnikového manažmentu EU. Katedra podnikových financií
Otros Autores: Smorada, Marián, 1984-
Formato: Libro
Lenguaje:eslovaco
Publicado: Bratislava 2022
Etiquetas: Agregar Etiqueta
Sin Etiquetas, Sea el primero en etiquetar este registro!

MARC

LEADER 00000nbm a2200000 4500
001 0285330
005 20230223151029.6
041 0 |a slo 
044 |a SK 
245 1 0 |a Stanovenie všeobecnej hodnoty vybraného podniku v čase hospodárskej krízy  |b diplomová práca  |c Linda Toporcerová ; školiteľ: Marián Smorada 
264 1 |a Bratislava  |c 2022 
300 |a 90 s. 
100 1 |a Toporcerová, Linda 
700 1 |a Smorada, Marián, 1984- 
710 2 |a Fakulta podnikového manažmentu EU. Katedra podnikových financií